Signature; workbook /

Guardado en:
Autor Principal: Phillips, Diane
Otros Autores: Sheerin, Susan / Hay, Pat
Formato: Libro
Publicado: Inglaterra : Nelson, 1990
Materias:
Etiquetas: Agregar Etiqueta
Sin Etiquetas, Sea el primero en etiquetar este registro!
LEADER 00484nam a22001815a 4500
001 CEM.cems008832
005 20060214000000.0
008 130507s1990##################000#0#####d
003 CEMS
082 0 4 |a 428.64 
100 1 |a Phillips, Diane 
245 1 0 |a Signature; workbook / 
260 |a Inglaterra :  |b Nelson,  |c 1990 
300 |a 88 p. 
653 |a Ingles 
653 |a Ingles-textos 
700 1 |a Sheerin, Susan / Hay, Pat 
859 |a CEMS  |b BIB. CEMS - 11 de abril  |h 428.64  |i P544-1  |p 18309.95  |t Ej.1